00273nam a2200109Ia 4500008004100000082001400041100000800055245004600063250000800109260002300117650002300140150201s1998 xx 000 0 und d a610bG99W aWHO aGUIDELINES FOR DRINKING WATER QUALITY-III a2ND bAITBSaDELHIc1998 aCOMMUNITY MEDICINE